| 000 -ლიდერი |
| ფიქსირებული სიგრძის საკონტროლო ველი |
02485nam a2200289Ia 4500 |
| 001 - საკონტროლო ნომერი |
| საკონტროლო ველი |
18931 |
| 003 - საკონტროლო ნომრის იდენტიფიკატორი |
| საკონტროლო ველი |
GE_BSU |
| 005 - ბოლო ოპერაციის თარიღი და დრო |
| საკონტროლო ველი |
20220920160457.0 |
| 008 - ფიქსირებული სიგრძის მონაცემთა ელემენტები - ზოგადი ინფორმაცია |
| ფიქსირებული სიგრძის საკონტროლო ველი |
181216s2008||||ge |||||||||||||| ||geo|| |
| 040 ## - კატალოგიზაციის წყარო |
| Transcribing agency |
GE_BSU |
| 041 ## - ენის კოდი |
| Language code of text/sound track or separate title |
geo |
| 080 ## - უნივერსალური ათობითი კლასიფიკაციის ინდექსი |
| Universal Decimal Classification number |
63 მ-95 |
| 100 ## - მთავარი ჩანაწერი - პიროვნების სახელი |
| Personal name |
მუხაშავრია, შორენა |
| 9 (RLIN) |
10473 |
| 245 ## - ცნობა სათაურის შესახებ |
| Title |
ქიმიური მელიორანტების ხანგრძლივი გამოყენების შედარებითი ეფექტიანობა წითელმიწა ნიადაგების ნაყოფიერებაზე და ლიმონ "მეიერის" ხის მოსავლიანობაზე : დისერტაცია / |
| Statement of responsibility, etc |
შ. მუხაშავრია; სამეცნიერო ხელმძღვანელი ბ. გოძიაშვილი ; ბათუმის შოთა რუსთაველის სახელმწიფო უნივერსიტეტი. |
| 264 ## - წარმოების, გამოცემის, დისტრიბუციის და სხვა ცნობები |
| გამოცემის, წარმოების, დისტრიბუციის... ადგილი |
ბათუმი : |
| გამოცემის, წარმოების, დისტრიბუციის... სახელწოდება |
ბათუმის შოთა რუსთაველის სახ. უნ-ტი, |
| გამოცემის, წარმოების, დისტრიბუციის... თარიღი |
2008. |
| 300 ## - ფიზიკური აღწერა |
| Extent |
163 გვ. |
| Other physical details |
30 სმ. |
| 504 ## - BIBLIOGRAPHY, ETC. NOTE |
| Bibliography, etc |
ბიბლიოგრ.: გვ. 143-163 |
| 653 ## - INDEX TERM--UNCONTROLLED |
| Uncontrolled term |
დისერტაცია |
| 653 ## - INDEX TERM--UNCONTROLLED |
| Uncontrolled term |
სოფლის მეურნეობა |
| 653 ## - INDEX TERM--UNCONTROLLED |
| Uncontrolled term |
წითელმიწა ნიადაგები საქართველოში |
| 653 ## - INDEX TERM--UNCONTROLLED |
| Uncontrolled term |
ლიმონის ზრდა-განვითარება |
| 653 ## - INDEX TERM--UNCONTROLLED |
| Uncontrolled term |
მინერალური სასუქების გამოყენება სუბტროპიკული კულტურებისათვის |
| 653 ## - INDEX TERM--UNCONTROLLED |
| Uncontrolled term |
ქიმიური მელიორანტების ხანგრძლივი გამოყენების შედარებითი ეფექტიანობა წითელმიწა ნიადაგების ნაყოფიერებაზე და ლიმონ "მეიერის" ხის მოსავლიანობაზე |
| 700 ## - ADDED ENTRY--PERSONAL NAME |
| Personal name |
გოძიაშვილი, ბ. |
| Relator term |
სამეცნიერო ხელმძღვანელი |
| 9 (RLIN) |
10474 |
| 711 ## - ADDED ENTRY--MEETING NAME |
| Meeting name or jurisdiction name as entry element |
ბათუმის შოთა რუსთაველის სახელმწიფო უნივერსიტეტი |
| 9 (RLIN) |
10472 |
| 942 ## - ADDED ENTRY ELEMENTS (KOHA) |
| Koha item type |
წიგნი |
| Source of classification or shelving scheme |
|